000 nam a22 7a 4500
999 _c49918
_d49918
003 OSt
005 20200319095048.0
008 200319b xxu||||| |||| 00| 0 eng d
040 _csero soft
100 _aSHARMA B.L.
245 _aGHRA VIGYAN SHIKSHAN
250 _aNEW
260 _aMEERUT
_bR.LALL
300 _a336
942 _2ddc
_c01